Methods of homological algebra /

Guardado en:
Autor Principal: Gel'fand, S. I.
Otros Autores: Manin, IU. I.
Formato: Libro
Idioma:English
Russian
Publicado: Berlin ; New York : Springer, c2003.
Edición:2nd ed.
Series:Springer monographs in mathematics,
Materias:
Acceso en línea:Table of contents
Etiquetas: Agregar Etiqueta
Sin Etiquetas, Sea el primero en etiquetar este registro!
LEADER 01091cam a2200301 a 4500
001 MAT.inmabb003901
008 020920s2003####gw#a#####b####001#0#eng##
005 20110628124703.0
245 1 0 |a Methods of homological algebra /  |c Sergei I. Gelfand, Yuri I. Manin. 
250 |a 2nd ed. 
260 |a Berlin ;  |a New York :  |b Springer,  |c c2003. 
300 |a xx, 372 p. :  |b il. ;  |c 24 cm. 
440 0 |a Springer monographs in mathematics,  |x 1439-7382 
504 |a Incluye referencias bibliográficas (p. [357]-367) e índice. 
510 4 |a MR,  |c 2003m:18001 
020 |a 3540435832 
020 |a 9783642078132 (pbk.) 
100 1 |a Gel'fand, S. I.  |q (Sergei Izrailevich) 
240 1 0 |a Metody gomologicheskoi algebry.  |l Inglés 
700 1 |a Manin, IU. I. 
650 0 |a Algebra, Homological. 
084 |a 18-02 (18Exx 18Gxx 55U35)  |2 msc2000 
010 |a  2002190826 
040 |a DLC  |c DLC  |d DLC 
041 1 |a eng  |h rus 
856 4 1 |3 Table of contents  |u http://www.loc.gov/catdir/toc/fy036/2002190826.html 
859 |h 18  |i G316  |p A-8287  |b BIB. MATEMATICA 
859 |h 18  |i G316  |p A-8715  |t Ej. 2  |b BIB. MATEMATICA